[Event "HUN-chT2 Toth 2324"]
[Site "Hungary"]
[Date "2023.12.10"]
[Round "3.12"]
[White "Goblyos, Emma"]
[Black "Farkas, Zalan"]
[Result "0-1"]
[WhiteElo "1193"]
[BlackElo "1243"]
[PlyCount "100"]
[EventDate "2023.10.08"]
[EventType "team-tourn"]
[EventRounds "9"]
[EventCountry "HUN"]
[SourceTitle "EXT 2025"]
[Source "ChessBase"]
[SourceDate "2024.10.14"]
[SourceVersion "1"]
[SourceVersionDate "2024.10.14"]
[SourceQuality "1"]
[WhiteTeam "Bekesszentandras"]
[BlackTeam "Mako Duocor II"]
[WhiteTeamCountry "HUN"]
[BlackTeamCountry "HUN"]

1. d4 d5 2. c4 e6 3. Nc3 Nf6 4. Bg5 Be7 5. Nf3 0-0 6. cxd5 exd5 7. Qb3 c6 8. e3 Re8 9. Bd3 Nbd7 10. 0-0 Ne4 11. Bxe7 Qxe7 12. Qc2 Ndf6 13. Ne5 Nxc3 14. bxc3 g6 15. Rab1 Nd7 16. Nxd7 Qxd7 17. c4 dxc4 18. Qxc4 b6 19. Rfc1 Bb7 20. Rd1 Qg4 21. f3 Qg5 22. e4 Rad8 23. Rb2 Qe3+ 24. Kh1 Qxd4 25. Qxd4 Rxd4 26. Be2 Red8 27. Rxd4 Rxd4 28. h3 c5 29. Rc2 f6 30. Bc4+ Kf8 31. Bb3 Ba6 32. Kh2 c4 33. Bxc4 Rxc4 34. Rd2 Ke7 35. Kg3 Ra4 36. Rc2 Bc4 37. a3 b5 38. Rc3 Kd6 39. Kf2 Kc5 40. Kg3 Kd4 41. Rc1 Rxa3 42. Rd1+ Bd3 43. h4 b4 44. h5 b3 45. hxg6 hxg6 46. Kg4 b2 47. f4 Ra1 48. Rxa1 bxa1Q 49. g3 Be2+ 50. Kh4 Qh1# 0-1